[Event "II Festival A"]
[Site "Vanzaghello ITA"]
[Date "2000.09.21"]
[Round "1"]
[White "Battistella, Gianmaria"]
[Black "Bianchi, Alberto"]
[Result "1/2-1/2"]
[WhiteElo "1473"]
[BlackElo "2043"]
[PlyCount "103"]
[EventDate "2000.09.21"]

1. e4 e5 2. Nf3 Nc6 3. Bb5 a6 4. Bxc6 dxc6 5. O-O f6 6. Re1 Bg4 7. h3 Bh5 8. d3
Bc5 9. Be3 Bxe3 10. Rxe3 Qd7 11. Nbd2 O-O-O 12. Nxe5 Bxd1 13. Nxd7 Bxc2 14. Nc5
b6 15. Rc1 bxc5 16. Rxc2 Ne7 17. Nb3 Rhe8 18. Nxc5 Rd4 19. Ne6 Ra4 20. b3 Ra5
21. a4 Re5 22. Nc5 a5 23. f4 Rh5 24. Ne6 Rg8 25. d4 Kd7 26. g4 Rh4 27. f5 h5
28. g5 g6 29. Rg2 gxf5 30. gxf6 Kxe6 31. fxe7 Rxg2+ 32. Kxg2 Kxe7 33. exf5+ Kf6
34. Re6+ Kxf5 35. Rxc6 Rxd4 36. Rc5+ Kf4 37. Rxh5 Rd2+ 38. Kf1 Rd3 39. Rxa5
Rxb3 40. Rc5 Ra3 41. a5 Kg3 42. Ke2 Kxh3 43. Kd2 Kg4 44. Kc2 Kf4 45. Kb2 Ra4
46. Kb3 Ra1 47. Kb4 Rb1+ 48. Ka4 Ke4 49. Rxc7 Kd5 50. a6 Kd6 51. Rc2 Ra1+ 52.
Kb5 1/2-1/2

[Event "II Festival A"]
[Site "Vanzaghello ITA"]
[Date "2000.09.21"]
[Round "1"]
[White "Carlotti, Enzo"]
[Black "Sgnaolin, Davide"]
[Result "0-1"]
[WhiteElo "1678"]
[BlackElo "2129"]
[PlyCount "142"]
[EventDate "2000.09.21"]

1. d4 d5 2. c4 e6 3. Nf3 c5 4. cxd5 exd5 5. e3 Nc6 6. Bb5 a6 7. Bxc6+ bxc6 8.
Ne5 Qc7 9. O-O Nf6 10. Qa4 Bd7 11. Bd2 Bd6 12. Ba5 Qb7 13. Nd2 O-O 14. Ndf3 c4
15. a3 Rfb8 16. Bc3 Be8 17. Nd2 Qc8 18. Qc2 Nh5 19. b3 f6 20. Nef3 Bg6 21. Qd1
cxb3 22. Nxb3 Bf7 23. Nfd2 f5 24. Qe2 Nf6 25. Nc5 Bh5 26. f3 Qe8 27. Qd3 Ra7
28. Rae1 Re7 29. Nxa6 Ra8 30. Bb4 Qd7 31. Bxd6 Qxd6 32. Nc5 Bg6 33. Qc3 Nd7 34.
Kh1 Nxc5 35. dxc5 Qe5 36. Qxe5 Rxe5 37. f4 Re7 38. Nb1 Rae8 39. Rf3 d4 40. Nd2
dxe3 41. Nc4 e2 42. Ne5 Bh5 43. Re3 Rd8 44. Kg1 Rd1 45. Kf2 Rxe1 46. Kxe1 Rb7
47. Nd3 Rb1+ 48. Kf2 Rf1+ 49. Kg3 g5 50. fxg5 f4+ 51. Nxf4 e1=Q+ 52. Rxe1 Rxe1
53. Nxh5 Re5 54. Kf4 Rxc5 55. Nf6+ Kg7 56. h4 Ra5 57. h5 Rxa3 58. h6+ Kg6 59.
g4 Ra4+ 60. Ke5 Kxg5 61. Ke6 Kxh6 62. Kf5 c5 63. g5+ Kg7 64. Nh5+ Kf7 65. Nf6
c4 66. Nxh7 c3 67. g6+ Kg7 68. Ng5 c2 69. Ne6+ Kg8 70. g7 c1=Q 71. Kf6 Ra7 0-1

[Event "II Festival A"]
[Site "Vanzaghello ITA"]
[Date "2000.09.21"]
[Round "1"]
[White "Drabke, Lorenz Maximilian"]
[Black "Stefanetti, Marco"]
[Result "1-0"]
[WhiteElo "2144"]
[BlackElo "1714"]
[PlyCount "47"]
[EventDate "2000.09.21"]

1. e4 c6 2. d4 d5 3. Nd2 dxe4 4. Nxe4 Bf5 5. Ng3 Bg6 6. Bc4 e6 7. N1e2 Bd6 8.
h4 h6 9. Nf4 Bxf4 10. Bxf4 Nf6 11. h5 Bh7 12. Bb3 Nbd7 13. Qf3 Nb6 14. O-O O-O
15. Rad1 Nc8 16. c4 Ne7 17. Bxh6 Nf5 18. Bg5 Nxg3 19. fxg3 Qa5 20. Bxf6 gxf6
21. d5 Qb6+ 22. Kh2 a5 23. c5 Qb4 24. Qxf6 1-0

[Event "II Festival A"]
[Site "Vanzaghello ITA"]
[Date "2000.09.21"]
[Round "1"]
[White "Genovese, Maurizio"]
[Black "Provera, Emanuele"]
[Result "1/2-1/2"]
[WhiteElo "2285"]
[BlackElo "1759"]
[PlyCount "130"]
[EventDate "2000.09.21"]

1. d4 Nf6 2. c4 e6 3. Nc3 Bb4 4. e3 b6 5. Bd3 Bb7 6. Nge2 O-O 7. O-O d5 8. cxd5
exd5 9. Ng3 Re8 10. a3 Bf8 11. b4 c6 12. Bb2 Nbd7 13. Rc1 b5 14. e4 dxe4 15.
Ncxe4 a5 16. Nc5 Qb8 17. Nf5 axb4 18. axb4 g6 19. Nxd7 Nxd7 20. Qg4 Nf6 21. Qg5
Nd5 22. g3 Ra2 23. Rb1 Nxb4 24. d5 Nxd3 25. Bf6 Rxf2 26. Rxf2 Bc5 27. d6 Bxf2+
28. Kf1 Be3 29. Nh6+ Kf8 30. Be7+ Rxe7 31. dxe7+ Ke8 32. Qxe3 Qd6 33. Rd1 b4
34. Qb6 Qf6+ 35. Ke2 Qxe7+ 36. Kxd3 c5 37. Qb5+ Kf8 38. Qc4 Kg7 39. Ng4 Bf3 40.
Ne3 Bxd1 41. Nxd1 Qe1 42. Kc2 b3+ 43. Qxb3 Qe2+ 44. Kc3 Qxh2 45. Kc4 Qg1 46.
Qb2+ f6 47. Qb7+ Kh6 48. Qf3 Qd4+ 49. Kb5 f5 50. Nc3 Qb4+ 51. Kc6 Kg5 52. Nd5
Qe4 53. Qf2 c4 54. Kc5 Kh6 55. Qh2+ Kg7 56. Qb2+ Kh6 57. Qf6 Qd3 58. Qh4+ Kg7
59. Qe7+ Kh6 60. Qh4+ Kg7 61. Qf6+ Kh6 62. Qh4+ Kg7 63. Qf6+ Kh6 64. Qh4+ Kg7
65. Qf6+ Kh6 1/2-1/2

[Event "II Festival A"]
[Site "Vanzaghello ITA"]
[Date "2000.09.21"]
[Round "1"]
[White "Rossi, Giampiero"]
[Black "Sberse, Luca"]
[Result "1-0"]
[WhiteElo "2101"]
[BlackElo "1524"]
[PlyCount "37"]
[EventDate "2000.09.21"]

1. d4 b6 2. c4 Bb7 3. Nc3 Nf6 4. f3 d5 5. cxd5 Nxd5 6. e4 Nxc3 7. bxc3 e6 8.
Be3 Nd7 9. Nh3 c5 10. Rb1 Be7 11. Bb5 O-O 12. O-O Qc7 13. Qb3 Bd6 14. Bxd7 Qxd7
15. dxc5 Be5 16. Rfd1 Qc7 17. cxb6 axb6 18. Qxb6 Qxc3 19. Rb3 1-0

[Event "II Festival A"]
[Site "Vanzaghello ITA"]
[Date "2000.09.21"]
[Round "1"]
[White "Troiani, Mauro"]
[Black "Barlocco, Carlo"]
[Result "0-1"]
[WhiteElo "1737"]
[BlackElo "2179"]
[PlyCount "110"]
[EventDate "2000.09.21"]

1. d4 g6 2. c4 Bg7 3. Nc3 d6 4. e4 Nc6 5. Be3 e5 6. d5 Nd4 7. Nge2 Nxe2 8. Bxe2
f5 9. f3 Nf6 10. Bd3 O-O 11. Qd2 c6 12. dxc6 bxc6 13. O-O-O f4 14. Bf2 Qa5 15.
Bc2 Rd8 16. Na4 Qa6 17. Qb4 Bf8 18. c5 d5 19. Bh4 Kg7 20. Bd3 Qb7 21. Qxb7+
Bxb7 22. exd5 cxd5 23. Rhe1 Re8 24. Bb5 Re6 25. Bxf6+ Kxf6 26. Bd7 Ra6 27. b4
Rd8 28. Bb5 Re6 29. Nc3 Rb8 30. Bd7 Re7 31. c6 Rxd7 32. cxd7 Ke6 33. b5 Ba3+
34. Kc2 Rd8 35. Kb3 Bc5 36. Na4 Bd6 37. Nc3 Rxd7 38. a4 Rc7 39. Na2 e4 40. Rc1
e3 41. Nb4 d4 42. Rxc7 Bxc7 43. Rc1 Ba5 44. Nd3 Bd5+ 45. Ka3 g5 46. h4 h6 47.
hxg5 hxg5 48. Rc8 g4 49. Rf8 gxf3 50. gxf3 Bc7 51. Rc8 Bd6+ 52. Kb2 Bxf3 53. a5
Be4 54. Re8+ Kf5 55. Ne1 f3 0-1

[Event "II Festival A"]
[Site "Vanzaghello ITA"]
[Date "2000.09.22"]
[Round "2"]
[White "Barlocco, Carlo"]
[Black "Rossi, Giampiero"]
[Result "1-0"]
[WhiteElo "2179"]
[BlackElo "2101"]
[PlyCount "165"]
[EventDate "2000.09.21"]

1. d4 d5 2. c4 e6 3. Nf3 Nf6 4. g3 Be7 5. Bg2 Nbd7 6. Qc2 O-O 7. O-O c6 8. Nc3
b6 9. b3 Bb7 10. Bb2 Rc8 11. Rac1 Qc7 12. Rfd1 Rfd8 13. Qb1 Qb8 14. h3 c5 15.
cxd5 Nxd5 16. e4 Nxc3 17. Bxc3 cxd4 18. Nxd4 Nf6 19. e5 Ne8 20. Bxb7 Qxb7 21.
Bb2 Rd7 22. Rxc8 Qxc8 23. Rc1 Rc7 24. Rxc7 Qxc7 25. Qe4 Bc5 26. Qc6 Kf8 27. Qe4
h6 28. Nc6 f5 29. Qf3 Kg8 30. b4 Bf8 31. b5 Qd7 32. Qb3 Bc5 33. Qc4 Nc7 34. Bd4
Nxb5 35. Qxb5 Bxd4 36. Nxd4 Qxd4 37. Qe8+ Kh7 38. Qxe6 Qe4 39. Qd6 Qe1+ 40. Kg2
Qe4+ 41. Kh2 Qe2 42. Qd4 b5 43. Qxa7 Qxe5 44. Qf7 Qe4 45. h4 Qf3 46. Kg1 h5 47.
Qd7 b4 48. Qb5 Qe4 49. Qc5 Kh6 50. Qc1+ Kh7 51. Qg5 g6 52. Qd2 Qe7 53. Kf1 Kg7
54. Qe2 Qb7 55. Ke1 Kh7 56. Qe3 Qh1+ 57. Kd2 Qd5+ 58. Ke1 Qxa2 59. Qe7+ Kg8 60.
Qxb4 Qe6+ 61. Kf1 Kf7 62. Qd4 Qa6+ 63. Kg2 Qc6+ 64. Kf1 Qa6+ 65. Ke1 Qe6+ 66.
Kd2 Kg8 67. Kc3 Qc6+ 68. Qc4+ Qxc4+ 69. Kxc4 Kf7 70. Kd5 Kf6 71. Kd6 Kf7 72.
Ke5 Ke7 73. f3 Kf7 74. Kd6 Kf6 75. Kd5 Ke7 76. Ke5 Kf7 77. Kd6 Kf6 78. Kd7 Kf7
79. f4 Kf6 80. Ke8 Kg7 81. Ke7 Kh7 82. Kf7 Kh6 83. Kg8 1-0

[Event "II Festival A"]
[Site "Vanzaghello ITA"]
[Date "2000.09.22"]
[Round "2"]
[White "Bianchi, Alberto"]
[Black "Fattorelli, Luciano"]
[Result "1-0"]
[WhiteElo "2043"]
[BlackElo "1816"]
[PlyCount "47"]
[EventDate "2000.09.21"]

1. e4 d6 2. d4 Nf6 3. Nc3 g6 4. g3 Bg7 5. Bg2 O-O 6. Nge2 c6 7. O-O Qc7 8. h3
e5 9. Be3 Be6 10. Rc1 Nbd7 11. Qd2 Nb6 12. b3 Rad8 13. d5 Bc8 14. a4 Ne8 15. a5
Nd7 16. Bxa7 Qxa5 17. Ra1 Qc7 18. Be3 f5 19. dxc6 bxc6 20. Ra7 Qb8 21. exf5 Nb6
22. Rfa1 Bxf5 23. Bxc6 Bxh3 24. Rb7 1-0

[Event "II Festival A"]
[Site "Vanzaghello ITA"]
[Date "2000.09.22"]
[Round "2"]
[White "Provera, Emanuele"]
[Black "Battistella, Gianmaria"]
[Result "1-0"]
[WhiteElo "1759"]
[BlackElo "1473"]
[PlyCount "35"]
[EventDate "2000.09.21"]

1. e4 e6 2. d4 d5 3. Nc3 Nf6 4. Bg5 h6 5. Bxf6 Qxf6 6. exd5 Bb4 7. Bb5+ Bd7 8.
Bxd7+ Nxd7 9. dxe6 Qxe6+ 10. Qe2 Qxe2+ 11. Ngxe2 O-O-O 12. O-O-O Rhe8 13. h4
Nf6 14. Rh3 Ne4 15. Rf3 Re7 16. Nxe4 Rxe4 17. Ng3 Rexd4 18. Rxd4 1-0

[Event "II Festival A"]
[Site "Vanzaghello ITA"]
[Date "2000.09.22"]
[Round "2"]
[White "Sberse, Luca"]
[Black "Troiani, Mauro"]
[Result "0-1"]
[WhiteElo "1524"]
[BlackElo "1737"]
[PlyCount "76"]
[EventDate "2000.09.21"]

1. Nf3 d5 2. c4 c6 3. cxd5 cxd5 4. g3 Nf6 5. Bg2 Nc6 6. O-O e5 7. d3 h6 8. Nc3
Bc5 9. e4 d4 10. Na4 Bd6 11. b3 O-O 12. Nb2 Be6 13. Nc4 Bc7 14. a4 a6 15. Ba3
Re8 16. Qc2 Qd7 17. Rfc1 Rac8 18. Qb2 b5 19. axb5 axb5 20. Ncd2 b4 21. Nc4 bxa3
22. Qxa3 Bxc4 23. Rxc4 Bd6 24. Qa4 Qb7 25. Qa6 Qd7 26. Qb6 Bb8 27. h4 Ne7 28.
Kh2 Rxc4 29. bxc4 Qc6 30. c5 Ng4+ 31. Kg1 Rc8 32. Bh3 h5 33. Qxc6 Nxc6 34. Nh2
Rc7 35. Nxg4 hxg4 36. Bxg4 Ba7 37. Bf5 g6 38. Bg4 Bxc5 0-1

[Event "II Festival A"]
[Site "Vanzaghello ITA"]
[Date "2000.09.22"]
[Round "2"]
[White "Sgnaolin, Davide"]
[Black "Drabke, Lorenz Maximilian"]
[Result "0-1"]
[WhiteElo "2129"]
[BlackElo "2144"]
[PlyCount "116"]
[EventDate "2000.09.21"]

1. e4 c5 2. c3 Nf6 3. e5 Nd5 4. d4 cxd4 5. Nf3 e6 6. cxd4 b6 7. Nc3 Nxc3 8.
bxc3 Qc7 9. Bd2 Bb7 10. Bd3 d6 11. O-O Nd7 12. exd6 Bxd6 13. Re1 O-O 14. h3
Rac8 15. Rc1 Qb8 16. a4 Qa8 17. Bf1 Nf6 18. Ne5 Ne4 19. Nc4 Bb8 20. Ne3 Rfd8
21. Qe2 e5 22. Nf5 Nxd2 23. Qxd2 Rd7 24. Qg5 f6 25. Qg4 Kh8 26. Bd3 g6 27. Nh6
Rcd8 28. Qe6 Kg7 29. Ng4 Rf7 30. dxe5 f5 31. Bc4 Bd5 32. Bxd5 Qxd5 33. Qxd5
Rxd5 34. c4 Rc5 35. e6 Re7 36. Ne3 Re5 37. Red1 R5xe6 38. c5 bxc5 39. Rxc5 Bc7
40. Rcd5 Bb6 41. Nc4 Re1+ 42. Rxe1 Rxe1+ 43. Kh2 Bxf2 44. g3 Re4 45. Rd7+ Kf6
46. Rc7 h5 47. Kg2 Be1 48. Rc6+ Re6 49. Rc7 Ra6 50. Nb2 Bb4 51. Kf3 Ba3 52. Nc4
Rxa4 53. Nxa3 Rxa3+ 54. Kf2 h4 55. Rc6+ Kg7 56. Rc7+ Kh6 57. gxh4 Rxh3 58. Rxa7
Rxh4 0-1

[Event "II Festival A"]
[Site "Vanzaghello ITA"]
[Date "2000.09.22"]
[Round "2"]
[White "Stefanetti, Marco"]
[Black "Genovese, Maurizio"]
[Result "0-1"]
[WhiteElo "1714"]
[BlackElo "2285"]
[PlyCount "78"]
[EventDate "2000.09.21"]

1. d4 d5 2. Nf3 Nf6 3. Bg5 Ne4 4. Bh4 c5 5. c3 Nc6 6. e3 Qb6 7. Qc1 Bf5 8. Nbd2
Rc8 9. Nxe4 Bxe4 10. dxc5 Qxc5 11. Be2 e6 12. O-O Bd6 13. Qd2 O-O 14. Rac1 b5
15. Nd4 a6 16. f3 Bg6 17. Bf2 Ne5 18. e4 Nc4 19. Bxc4 Qxc4 20. exd5 Qxd5 21.
Rcd1 Rfd8 22. Qe2 Qb7 23. a3 h6 24. Rd2 Rd7 25. Rfd1 Qc7 26. Bg3 Bxg3 27. hxg3
Qxg3 28. Nf5 Rxd2 29. Ne7+ Kh7 30. Rxd2 Re8 31. Nxg6 Qxg6 32. Rd6 Qg5 33. Rxa6
Rd8 34. Qe4+ f5 35. Qe1 Rd2 36. Qf1 Qe3+ 37. Kh1 Re2 38. Kh2 Re1 39. Qxb5 Qf4+
0-1

[Event "II Festival A"]
[Site "Vanzaghello ITA"]
[Date "2000.09.23"]
[Round "3"]
[White "Battistella, Gianmaria"]
[Black "Sberse, Luca"]
[Result "0-1"]
[WhiteElo "1473"]
[BlackElo "1524"]
[PlyCount "84"]
[EventDate "2000.09.21"]

1. e4 c5 2. Nf3 d6 3. d4 cxd4 4. Nxd4 Nf6 5. Nc3 a6 6. Be2 Nbd7 7. O-O b5 8. a3
Bb7 9. f3 g6 10. Be3 Bg7 11. Qd2 Ne5 12. Bh6 Bxh6 13. Qxh6 Qb6 14. Rad1 Nc6 15.
Qd2 e5 16. Qg5 Nxe4 17. Nxe4 Kf8 18. Nf6 Kg7 19. Nd7 Qa7 20. Qf6+ Kg8 21. Qxd6
Rd8 22. Kh1 exd4 23. Nf6+ Kg7 24. Qf4 Qc5 25. Bd3 Qe5 26. Qxe5 Nxe5 27. Ne4
Nxd3 28. Rxd3 Bxe4 29. fxe4 Rhe8 30. Re1 f5 31. e5 Rd5 32. Kg1 Rexe5 33. Rxe5
Rxe5 34. Kf2 Re4 35. Kf3 Kf6 36. c3 Ke5 37. cxd4+ Rxd4 38. Ke3 f4+ 39. Kd2 Ke4
40. Rxd4+ Kxd4 41. b4 g5 42. h3 h5 0-1

[Event "II Festival A"]
[Site "Vanzaghello ITA"]
[Date "2000.09.23"]
[Round "3"]
[White "Drabke, Lorenz Maximilian"]
[Black "Barlocco, Carlo"]
[Result "1-0"]
[WhiteElo "2144"]
[BlackElo "2179"]
[PlyCount "93"]
[EventDate "2000.09.21"]

1. e4 d6 2. d4 Nf6 3. Nc3 c6 4. f4 Qa5 5. e5 Ne4 6. Qf3 Nxc3 7. Bd2 c5 8. Bxc3
Qb6 9. d5 e6 10. dxe6 Bxe6 11. f5 Bd7 12. e6 fxe6 13. Qh5+ Kd8 14. fxe6 Bxe6
15. O-O-O Nc6 16. Bxg7 Bxg7 17. Qg5+ Kc7 18. Qxg7+ Bd7 19. Nf3 Rag8 20. Qf6 Na5
21. Ng5 Rf8 22. Nf7 c4 23. Rxd6 Qe3+ 24. Rd2 Bg4 25. Qd6+ Kc8 26. Nxh8 Qe1+ 27.
Rd1 Qxd1+ 28. Qxd1 Bxd1 29. Kxd1 Rxh8 30. Be2 Rd8+ 31. Kc1 Kc7 32. Rf1 Rd7 33.
Rf6 b6 34. Rh6 Rg7 35. Bf3 Re7 36. Kd2 Kd8 37. Rh4 Kc7 38. Be4 Kd6 39. Ke3 Nc6
40. Rh6+ Kd7 41. Rxc6 Rxe4+ 42. Kxe4 Kxc6 43. g4 Kd6 44. a4 a6 45. g5 b5 46.
axb5 axb5 47. h4 1-0

[Event "II Festival A"]
[Site "Vanzaghello ITA"]
[Date "2000.09.23"]
[Round "3"]
[White "Fattorelli, Luciano"]
[Black "Troiani, Mauro"]
[Result "0-1"]
[WhiteElo "1816"]
[BlackElo "1737"]
[PlyCount "64"]
[EventDate "2000.09.21"]

1. e4 c5 2. Nf3 d6 3. c3 Nf6 4. Be2 g6 5. O-O Bg7 6. Re1 Nc6 7. d3 O-O 8. Bf1
a6 9. h3 Nd7 10. Be3 b5 11. d4 Qc7 12. Nbd2 Bb7 13. Rc1 c4 14. d5 Nce5 15. Nxe5
Nxe5 16. f4 Nd7 17. Nf3 Nc5 18. Bd4 f6 19. Qd2 e5 20. Bf2 Bh6 21. g3 Rae8 22.
Kh1 exf4 23. Bxc5 Qxc5 24. Bg2 f5 25. Nd4 fxe4 26. Ne6 Rxe6 27. dxe6 f3 28.
Qxh6 fxg2+ 29. Kh2 g1=Q+ 30. Rxg1 e3 31. Rc2 Rf2+ 32. Rg2 Qd5 0-1

[Event "II Festival A"]
[Site "Vanzaghello ITA"]
[Date "2000.09.23"]
[Round "3"]
[White "Genovese, Maurizio"]
[Black "Bianchi, Alberto"]
[Result "1-0"]
[WhiteElo "2285"]
[BlackElo "2043"]
[PlyCount "57"]
[EventDate "2000.09.21"]

1. d4 Nf6 2. c4 g6 3. Nc3 Bg7 4. e4 O-O 5. f4 d6 6. Nf3 c5 7. d5 e6 8. dxe6
fxe6 9. Bd3 Nc6 10. O-O Nh5 11. Ng5 Bd4+ 12. Kh1 h6 13. e5 Qe8 14. Nge4 dxe5
15. Nd6 Qe7 16. Bxg6 Nxf4 17. Bxf4 exf4 18. Nce4 Ne5 19. Bh5 Qg7 20. Qe1 Bd7
21. Qh4 Be3 22. Rfd1 Bc6 23. Qh3 Qe7 24. Be2 Nf7 25. Bg4 Nxd6 26. Rxd6 Bxe4 27.
Rxe6 Qh7 28. Qh5 Bf5 29. Bxf5 1-0

[Event "II Festival A"]
[Site "Vanzaghello ITA"]
[Date "2000.09.23"]
[Round "3"]
[White "Rossi, Giampiero"]
[Black "Provera, Emanuele"]
[Result "0-1"]
[WhiteElo "2101"]
[BlackElo "1759"]
[PlyCount "78"]
[EventDate "2000.09.21"]

1. d4 Nf6 2. c4 e6 3. Nc3 Bb4 4. Qc2 d5 5. cxd5 exd5 6. Bg5 O-O 7. e3 c6 8. Bd3
h6 9. Bxf6 Qxf6 10. Nf3 Bxc3+ 11. Qxc3 Bf5 12. O-O Bxd3 13. Qxd3 Nd7 14. Rfc1
Qe7 15. b4 a6 16. Rab1 Nb6 17. Ne5 Rfe8 18. Qb3 f6 19. Nf3 Nc4 20. Rc2 b5 21.
Nd2 a5 22. Nxc4 bxc4 23. Qc3 Reb8 24. a3 axb4 25. axb4 Rxb4 26. Rcb2 Rxb2 27.
Qxb2 Qa3 28. g3 c3 29. Qxa3 Rxa3 30. Rc1 Kf7 31. Kf1 Ke6 32. Ke2 Ra2+ 33. Kf3
c2 34. Ke2 Kf5 35. f3 h5 36. Kd2 g5 37. h3 g4 38. fxg4+ hxg4 39. Rf1+ Kg6 0-1

[Event "II Festival A"]
[Site "Vanzaghello ITA"]
[Date "2000.09.23"]
[Round "4"]
[White "Barlocco, Carlo"]
[Black "Genovese, Maurizio"]
[Result "0-1"]
[WhiteElo "2179"]
[BlackElo "2285"]
[PlyCount "126"]
[EventDate "2000.09.21"]

1. d4 Nf6 2. c4 e6 3. Nf3 d5 4. g3 c6 5. Bg2 Bb4+ 6. Bd2 Be7 7. O-O O-O 8. b3
Nbd7 9. Bc3 Ne4 10. Nfd2 Nxc3 11. Nxc3 Qa5 12. Ncb1 b5 13. e4 bxc4 14. bxc4 Ba6
15. Re1 dxc4 16. e5 Rac8 17. a4 Nb6 18. Ne4 Rfd8 19. Nbc3 Nd5 20. Rc1 Bb4 21.
Qc2 Nxc3 22. Nxc3 Bxc3 23. Qxc3 Qxc3 24. Rxc3 Rxd4 25. Rec1 Kf8 26. Bf1 Ke7 27.
Bxc4 Bxc4 28. Rxc4 Rxc4 29. Rxc4 c5 30. f4 Kd7 31. Kf2 Kc6 32. Ke3 Rb8 33. Rc3
Rb4 34. a5 Ra4 35. Rb3 Rxa5 36. Rb8 Rb5 37. Rc8+ Kd7 38. Rg8 g6 39. Rf8 Ke7 40.
Rc8 a5 41. Rc7+ Kf8 42. Ra7 Rb3+ 43. Ke2 Rb2+ 44. Ke3 Rxh2 45. Rxa5 Rc2 46. Ra3
h5 47. Kd3 Rc1 48. Kd2 Rc4 49. Ra8+ Kg7 50. Rc8 Rd4+ 51. Ke3 Rc4 52. Kf3 Rc3+
53. Kg2 c4 54. Kh2 Rc2+ 55. Kh3 c3 56. Rc7 Rc1 57. Kg2 c2 58. Kh2 Kh6 59. Kg2
g5 60. fxg5+ Kxg5 61. Kh2 Kf5 62. Rxf7+ Kxe5 63. Rc7 Ke4 0-1

[Event "II Festival A"]
[Site "Vanzaghello ITA"]
[Date "2000.09.23"]
[Round "4"]
[White "Provera, Emanuele"]
[Black "Drabke, Lorenz Maximilian"]
[Result "1-0"]
[WhiteElo "1759"]
[BlackElo "2144"]
[PlyCount "77"]
[EventDate "2000.09.21"]

1. d4 Nf6 2. Nf3 e6 3. c4 c5 4. Nc3 cxd4 5. Nxd4 a6 6. e4 Qc7 7. Bd3 Nc6 8.
Nxc6 dxc6 9. O-O e5 10. f4 Bc5+ 11. Kh1 Ng4 12. Qf3 Qd8 13. f5 Nf2+ 14. Rxf2
Bxf2 15. Qxf2 Qxd3 16. Be3 O-O 17. f6 Qd6 18. fxg7 Re8 19. Rf1 Qg6 20. Qh4 Qg4
21. Qf6 Qg6 22. Qh4 Qg4 23. Qf6 Qe6 24. Qh4 Qxc4 25. Rf3 Bd7 26. Qf6 Qe6 27.
Qh4 Qd6 28. Qf2 Qg6 29. Rf6 Qh5 30. h3 Re6 31. Rf3 Qg6 32. Ne2 Qxg7 33. Ng3 Rd6
34. Nh5 Qf8 35. Bc5 f5 36. Bxd6 Qxd6 37. Qg3+ Qg6 38. Nf6+ Kf7 39. Nxd7 1-0

[Event "II Festival A"]
[Site "Vanzaghello ITA"]
[Date "2000.09.23"]
[Round "4"]
[White "Sberse, Luca"]
[Black "Fattorelli, Luciano"]
[Result "0-1"]
[WhiteElo "1524"]
[BlackElo "1816"]
[PlyCount "88"]
[EventDate "2000.09.21"]

1. Nf3 c5 2. g3 d5 3. Bg2 Nc6 4. O-O Nf6 5. d4 cxd4 6. Nxd4 g6 7. Nc3 Bg7 8.
Nxc6 bxc6 9. e4 Bb7 10. exd5 cxd5 11. Bg5 e6 12. Qd2 O-O 13. Ne2 Qc7 14. c3 Nd7
15. Bh6 Nb6 16. Bxg7 Kxg7 17. b3 a5 18. Nd4 Rac8 19. Rac1 e5 20. Nb5 Qc5 21. a4
Ba6 22. Rfe1 f6 23. Bf1 Bxb5 24. Bxb5 Rfd8 25. Qe3 Qxe3 26. fxe3 f5 27. Red1
Na8 28. c4 Nc7 29. cxd5 Nxb5 30. Rxc8 Rxc8 31. axb5 Rd8 32. b6 Kf6 33. b7 Ke7
34. Rc1 Kd7 35. Rc5 Rb8 36. Rxa5 Rxb7 37. b4 Kd6 38. h4 Rxb4 39. Kf2 e4 40. Ra2
Kxd5 41. Rd2+ Kc4 42. Rc2+ Kd3 43. Ra2 Rc4 44. Rb2 Rc2+ 0-1

[Event "II Festival A"]
[Site "Vanzaghello ITA"]
[Date "2000.09.23"]
[Round "4"]
[White "Stefanetti, Marco"]
[Black "Rossi, Giampiero"]
[Result "1-0"]
[WhiteElo "1714"]
[BlackElo "2101"]
[PlyCount "69"]
[EventDate "2000.09.21"]

1. d4 d5 2. Nf3 c6 3. c3 Bf5 4. Bf4 e6 5. e3 Nd7 6. Bd3 Bxd3 7. Qxd3 Ngf6 8.
Nbd2 Be7 9. O-O O-O 10. e4 h6 11. Ne5 Nxe5 12. Bxe5 Nd7 13. Bf4 Bg5 14. Bxg5
Qxg5 15. e5 Rfe8 16. f4 Qf5 17. Qe3 Rac8 18. Rf2 c5 19. Nb3 c4 20. Nd2 b5 21.
h3 Rb8 22. g4 Qg6 23. Nf3 f6 24. exf6 Qxf6 25. Ne5 Nxe5 26. dxe5 Qe7 27. Qd4
Qb7 28. f5 Qb6 29. Qf4 Rf8 30. f6 Rf7 31. g5 hxg5 32. Qxg5 Kf8 33. Kg2 Rbb7 34.
Raf1 Ke8 35. fxg7 1-0

[Event "II Festival A"]
[Site "Vanzaghello ITA"]
[Date "2000.09.23"]
[Round "4"]
[White "Troiani, Mauro"]
[Black "Sgnaolin, Davide"]
[Result "0-1"]
[WhiteElo "1737"]
[BlackElo "2129"]
[PlyCount "76"]
[EventDate "2000.09.21"]

1. d4 d5 2. c4 e6 3. Nc3 c5 4. cxd5 exd5 5. Nf3 Nc6 6. g3 Nf6 7. Bg2 Be7 8. O-O
O-O 9. Bg5 cxd4 10. Nxd4 h6 11. Be3 Re8 12. Rc1 Bf8 13. a3 Bg4 14. Nxc6 bxc6
15. b4 a5 16. h3 Bf5 17. g4 Be6 18. Bc5 Qb8 19. e4 axb4 20. axb4 Rd8 21. exd5
Nxd5 22. Nxd5 Bxd5 23. Qc2 Ra2 24. Qc3 Bxc5 25. bxc5 Bxg2 26. Kxg2 Qf4 27. Qf3
Qxf3+ 28. Kxf3 Rd3+ 29. Kg2 Rdd2 30. Kf3 Ra3+ 31. Kg2 Rdd3 32. f3 Rac3 33. Kg3
Rxf3+ 34. Rxf3 Rxc1 35. Rf5 f6 36. h4 Kf7 37. h5 Ke6 38. Kf3 Re1 0-1

[Event "II Festival A"]
[Site "Vanzaghello ITA"]
[Date "2000.09.24"]
[Round "5"]
[White "Fattorelli, Luciano"]
[Black "Stefanetti, Marco"]
[Result "0-1"]
[WhiteElo "1816"]
[BlackElo "1714"]
[PlyCount "96"]
[EventDate "2000.09.21"]

1. e4 c6 2. d4 d5 3. exd5 cxd5 4. c4 Nf6 5. Nc3 e6 6. Nf3 Bb4 7. Qa4+ Nc6 8.
Ne5 Bxc3+ 9. bxc3 Bd7 10. Nxd7 Qxd7 11. Be2 dxc4 12. Bxc4 O-O 13. O-O a6 14.
Qc2 Rfc8 15. Rd1 Qc7 16. Bb2 Nb4 17. cxb4 Qxc4 18. Qd2 Qc2 19. f3 Nd5 20. a3
Rc4 21. Rac1 Qxd2 22. Rxd2 Rac8 23. Rxc4 Rxc4 24. Kf2 Kf8 25. Ke2 Ke7 26. Kd3
b5 27. g3 Kd6 28. Re2 Nb6 29. d5 Nxd5 30. Bxg7 f6 31. Rc2 Rxc2 32. Kxc2 Ke5 33.
Kd3 Nb6 34. Bh6 Nc4 35. Bc1 Kd5 36. Kc3 Ne5 37. f4 Ng4 38. Kd3 Nxh2 39. Be3 Ng4
40. Bc5 e5 41. Ba7 e4+ 42. Ke2 f5 43. Kd2 Kc4 44. Kc2 Nh2 45. Bf2 h5 46. Be1
Nf1 47. Bf2 e3 48. Be1 Nh2 0-1

[Event "II Festival A"]
[Site "Vanzaghello ITA"]
[Date "2000.09.24"]
[Round "5"]
[White "Genovese, Maurizio"]
[Black "Drabke, Lorenz Maximilian"]
[Result "0-1"]
[WhiteElo "2285"]
[BlackElo "2144"]
[PlyCount "48"]
[EventDate "2000.09.21"]

1. d4 d5 2. c4 c6 3. Nf3 Nf6 4. cxd5 cxd5 5. Nc3 Nc6 6. Ne5 Bf5 7. Qa4 Qb6 8.
Nxc6 Bd7 9. e4 Bxc6 10. Bb5 Nxe4 11. Nxd5 Bxb5 12. Nxb6 Bxa4 13. Nxa8 e6 14.
Bf4 Kd7 15. Rc1 Bc6 16. Nc7 Bd6 17. Bxd6 Nxd6 18. Nxe6 fxe6 19. f3 Rf8 20. Kf2
Rf5 21. Rc5 Ne4+ 22. Ke3 Nxc5 23. dxc5 Rxc5 24. Rd1+ Bd5 0-1

[Event "II Festival A"]
[Site "Vanzaghello ITA"]
[Date "2000.09.24"]
[Round "5"]
[White "Sgnaolin, Davide"]
[Black "Provera, Emanuele"]
[Result "0-1"]
[WhiteElo "2129"]
[BlackElo "1759"]
[PlyCount "86"]
[EventDate "2000.09.21"]

1. e4 Nf6 2. Nc3 d5 3. e5 d4 4. exf6 dxc3 5. fxg7 cxd2+ 6. Qxd2 Qxd2+ 7. Bxd2
Bxg7 8. O-O-O Bf5 9. Ne2 Nc6 10. Ng3 Bg6 11. Bb5 O-O 12. Bxc6 bxc6 13. Ne2 Rfd8
14. Bc3 e5 15. Rxd8+ Rxd8 16. f4 f6 17. Rd1 Rd5 18. g3 Bh5 19. Re1 Bf8 20. b3
Bc5 21. Kb2 Bf2 22. Rf1 Be3 23. fxe5 fxe5 24. Nc1 e4 25. Re1 Bxc1+ 26. Kxc1 Bf3
27. Bd2 Kf7 28. Bf4 Rd7 29. Kb2 Ke6 30. Kc3 Kf5 31. Kc4 Rd5 32. h3 Bg2 33. Rg1
Bxh3 34. Be3 a6 35. Rh1 Kg4 36. Bc5 Kxg3 37. Re1 Bg2 38. a4 h5 39. b4 h4 40. b5
axb5+ 41. axb5 h3 42. bxc6 Rxc5+ 43. Kxc5 h2 0-1

[Event "II Festival A"]
[Site "Vanzaghello ITA"]
[Date "2000.09.24"]
[Round "5"]
[White "Troiani, Mauro"]
[Black "Bianchi, Alberto"]
[Result "1-0"]
[WhiteElo "1737"]
[BlackElo "2043"]
[PlyCount "107"]
[EventDate "2000.09.21"]

1. d4 Nf6 2. c4 g6 3. Nc3 Bg7 4. e4 O-O 5. f3 d6 6. Be3 Nbd7 7. Qd2 e5 8. O-O-O
a6 9. g4 b5 10. cxb5 axb5 11. Bxb5 Bb7 12. h4 c6 13. Bd3 h5 14. gxh5 Nxh5 15.
Nge2 exd4 16. Bxd4 Ne5 17. Rdf1 Nxd3+ 18. Qxd3 Ba6 19. Qd2 Bxd4 20. Qxd4 Bxe2
21. Nxe2 Rxa2 22. Kc2 Ra5 23. Rfg1 Rc5+ 24. Nc3 Qe7 25. Rd1 d5 26. exd5 cxd5
27. Rhe1 Qc7 28. Re5 Nf6 29. h5 Rc4 30. Qe3 Ne4 31. Rexd5 Nxc3 32. bxc3 Rc8 33.
R1d3 Ra8 34. hxg6 Qh2+ 35. Rd2 Ra2+ 36. Kb3 Rxd2 37. Rxd2 Qc7 38. gxf7+ Qxf7
39. Qg5+ Kh7 40. Qd5 Qxd5 41. Rxd5 Rf4 42. Rd3 Kg7 43. c4 Kf7 44. Kb4 Ke7 45.
Kb5 Rh4 46. c5 Rh1 47. Kc6 Rb1 48. Re3+ Kd8 49. Rd3+ Ke7 50. Kc7 Re1 51. c6 Re2
52. Kc8 Rh2 53. c7 Rh8+ 54. Kb7 1-0